Time / Steve Jobs / Special Commemorative Issue (Record no. 1890)

000 -LEADER
fixed length control field 00531nam a22002177a 4500
005 - DATE AND TIME OF LATEST TRANSACTION
control field 20210427065323.0
008 - FIXED-LENGTH DATA ELEMENTS--GENERAL INFORMATION
fixed length control field 210304s2011 ||||| |||| 00| 0 eng d
020 ## - INTERNATIONAL STANDARD BOOK NUMBER
Qualifying information 1618930028
020 ## - INTERNATIONAL STANDARD BOOK NUMBER
Qualifying information 9781618930026
040 ## - CATALOGING SOURCE
Original cataloging agency eng
Transcribing agency DLC
041 ## - LANGUAGE CODE
Language code of text/sound track or separate title eng
082 ## - DEWEY DECIMAL CLASSIFICATION NUMBER
Classification number 070
Item number T-58
110 ## - MAIN ENTRY--CORPORATE NAME
9 (RLIN) 1231
Corporate name or jurisdiction name as entry element Time
245 ## - TITLE STATEMENT
Title Time / Steve Jobs / Special Commemorative Issue
Statement of responsibility, etc. / by: Time
260 ## - PUBLICATION, DISTRIBUTION, ETC.
Name of publisher, distributor, etc. Time
Date of publication, distribution, etc. 2011
300 ## - PHYSICAL DESCRIPTION
Extent 96 p.
Other physical details ill.
365 ## - TRADE PRICE
Price amount 11.99 usd
650 #0 - SUBJECT ADDED ENTRY--TOPICAL TERM
9 (RLIN) 1229
Topical term or geographic name entry element Press
653 ## - INDEX TERM--UNCONTROLLED
Uncontrolled term პრესა
942 ## - ADDED ENTRY ELEMENTS (KOHA)
Source of classification or shelving scheme
Koha item type periodicals
Holdings
Withdrawn status Lost status Source of classification or shelving scheme Damaged status Not for loan Permanent location Current location Date acquired Inventory number Total Checkouts Full call number Barcode Date last seen Price effective from Koha item type
          Ken Walker International University Ken Walker International University 03/04/2021 1581   070 T-58 1581 03/04/2021 03/04/2021 periodicals

Powered by Koha